Black holes : (Record no. 29917)

000 -LEADER
fixed length control field 00550 a2200169 4500
020 ## - INTERNATIONAL STANDARD BOOK NUMBER
International Standard Book Number 1860945880
020 ## - INTERNATIONAL STANDARD BOOK NUMBER
International Standard Book Number 9781860945885
082 ## - DEWEY DECIMAL CLASSIFICATION NUMBER
Classification number 523.8875
090 ## - LOCALLY ASSIGNED LC-TYPE CALL NUMBER (OCLC); LOCAL CALL NUMBER (RLIN)
-- 1304
-- 1304
100 1# - MAIN ENTRY--PERSONAL NAME
Personal name Raine, Derek.
245 10 - TITLE STATEMENT
Title Black holes :
Remainder of title an introduction /
Statement of responsibility, etc. Derek Raine.
260 ## - PUBLICATION, DISTRIBUTION, ETC.
Place of publication, distribution, etc. [S.l.] :
Name of publisher, distributor, etc. Imperial College Press,
Date of publication, distribution, etc. 2005.
300 ## - PHYSICAL DESCRIPTION
Extent 168 p. ;
Dimensions 23 cm.
700 ## - ADDED ENTRY--PERSONAL NAME
Personal name Raine, Derek.
942 ## - ADDED ENTRY ELEMENTS (KOHA)
Institution code [OBSOLETE] SNS
Koha item type Book
Call number prefix 523.8875 RAI
Holdings
Withdrawn status Lost status Damaged status Not for loan Permanent Location Current Location Date acquired Total Checkouts Full call number Barcode Date last seen Date last checked out Price effective from Koha item type
        School of Natural Sciences (SNS) School of Natural Sciences (SNS) 05/26/2016 1 523.8875 RAI SNS0001343 01/22/2026 11/19/2025 05/26/2016 Book
© 2023 Central Library, National University of Sciences and Technology. All Rights Reserved.